Estatísticas para Países com mais jogos de Copa do Mundo

Clique aqui para jogar o quiz

Estatísticas Gerais

  • Esse quiz foi jogado 96 vezes
  • A pontuação média é 9 de 10

Estatísticas das Respostas

PaísJogosContinente% Correto
Brasil114América do Sul
100%
Argentina88América do Sul
96%
Alemanha111Europa
94%
Itália83Europa
90%
França73Europa
88%
Uruguai59América do Sul
88%
Espanha67Europa
85%
Inglaterra74Europa
85%
México60América do Norte
82%
Países Baixos54Europa
72%

Distribuição das Pontuações

Percentil de Números Respondidos

Porcentagem de Pessoas com Cada Pontuação

Sua Pontuação Histórica

Você não jogou esse quiz